000 00406nam a22001697a 4500
003 OSt
008 240502b |||||||| |||| 00| 0 eng d
020 _a9789356063570
082 _a006.33 RUA
100 _aRUSSELL,Stuart
245 _aArtificial Intelligence A Modern Approach
250 _a4th Ed
260 _aNoida
_bPearson
_c2024
300 _a1288
700 _aNORVIG,Peter
942 _2ddc
_cBK
999 _c12598
_d12598